000 00288nam a22001457a 4500
003 SGT
082 _a658.87,PRA
100 _aPRADHAN,S
245 _aRETAILING MANAGEMENT
250 _a3RD
260 _aNEW DELHI
_bTMH
_c2009
300 _a613
650 _aRETAILING
942 _2ddc
_cBK
999 _c9652
_d9652